Entrepreneurial nation : (Record no. 75706)

MARC details
000 -LEADER
fixed length control field 01133nam a22002657a 4500
005 - DATE AND TIME OF LATEST TRANSACTION
control field 20130516104415.0
010 ## - LCCN (DPL NO)
LC control number ENG-107164
020 ## - INTERNATIONAL STANDARD BOOK NUMBER
International Standard Book Number 9781259064524
Terms of availability 595.00
020 ## - INTERNATIONAL STANDARD BOOK NUMBER
International Standard Book Number 1259064522
Terms of availability 595.00
035 ## - SYSTEM CONTROL NUMBER
System control number EN-90697
037 ## - SOURCE OF ACQUISITION
Source of stock number/acquisition DBAD/PUB
082 00 - DEWEY DECIMAL CLASSIFICATION NUMBER
Classification number 338.040973
Edition number 23
100 1# - MAIN ENTRY--PERSONAL NAME
Personal name Khanna, Ro.
245 10 - TITLE STATEMENT
Title Entrepreneurial nation :
Remainder of title why manufacturing is key to America's future /
Statement of responsibility, etc by Ro Khanna
260 ## - PUBLICATION, DISTRIBUTION, ETC. (IMPRINT)
Place of publication, distribution, etc New Delhi
Name of publisher, distributor, etc Tata McGraw-Hill
Date of publication, distribution, etc 2012
270 ## - ADDRESS
Address 7 West Patel Nagar
City New Delhi
Postal code 110008
300 ## - PHYSICAL DESCRIPTION
Extent 256 p.
Dimensions 24cm(Hb )
500 ## - GENERAL NOTE
General note Includes bibliographical references (p. 213-246) and index.
505 0# - FORMATTED CONTENTS NOTE
Formatted contents note Spurring innovation and economic growth -- Taking the high road -- The air capital of the world -- Making the world's next big thing -- Going global -- Importing jobs -- The skills gap -- National security -- What's at stake.
650 #0 - SUBJECT ADDED ENTRY--TOPICAL TERM
Topical term or geographic name as entry element Manufacturing industries
Geographic subdivision United States.
650 #0 - SUBJECT ADDED ENTRY--TOPICAL TERM
Topical term or geographic name as entry element Economic development
Geographic subdivision United States.
650 #0 - SUBJECT ADDED ENTRY--TOPICAL TERM
Topical term or geographic name as entry element Technological innovations
Geographic subdivision United States.
650 #0 - SUBJECT ADDED ENTRY--TOPICAL TERM
Topical term or geographic name as entry element Entrepreneurship
Geographic subdivision United States.
942 ## - ADDED ENTRY ELEMENTS (KOHA)
Source of classification or shelving scheme Dewey Decimal Classification
Item type English Books
Classification part 338.3040973
Call number suffix KHA
Holdings
Withdrawn status Lost status Not for loan Collection code Home library Current library Date acquired Source of acquisition Cost, normal purchase price Full call number Barcode Copy number Cost, replacement price Koha item type
    Not For Loan Non-fiction D.B.Act.Division D.B.Act.Division 16/05/2013 DBAD/PUB 595.00 338.3040973 KHA EN-90697 1 595.00 English Books

© Delhi Public Library
Hit Counter
free hit counter